| 000 | 00590nam a2200193 4500 | ||
|---|---|---|---|
| 003 | CO-ViMGA | ||
| 020 | _a9789681867218 | ||
| 040 |
_aCO-ViMGA _bspa _cCO-ViMGA |
||
| 082 | 0 | 4 |
_a808 _bL26l |
| 100 | 1 |
_aLeón Mejía, Alma Bertha _94749 |
|
| 245 | 1 | 0 |
_aLetra, Palabra y Pensamiento/ _bOrtografía Práctica _cAlma Bertha León Mejía |
| 260 |
_aMéxico _bLimusa _c2006 |
||
| 300 |
_a264 p.: _bil., 21.5 cm. |
||
| 500 | _aIncluye tabla de contenido | ||
| 650 | 1 | 4 |
_aOrtografía _vEspañol _95078 |
| 650 | 1 | 4 |
_aReglas ortográficas _95079 |
| 650 | 1 | 4 |
_aSignos de puntuación _95054 |
| 942 |
_cBK _2ddc |
||
| 999 |
_c35898 _d35898 |
||